| 000 | 00884am a2200313a 44500 | ||
|---|---|---|---|
| 003 | AR-BaBNM | ||
| 005 | 20251128203536.0 | ||
| 008 | 047019s1965 Arg|||||||||||000 | esp|| | ||
| 040 | _cAR-BaBNM | ||
| 100 | 1 | _aSprott, W.J.H. | |
| 245 | 1 | 0 | _aIntroducción a la sociología |
| 250 | _a2ª ed. | ||
| 260 |
_aBuenos Aires _bFondo de Cultura Económica _c1965 |
||
| 300 | _a252 p. | ||
| 490 | 0 |
_aColección Popular _vv. 52 |
|
| 504 | _aContiene referencias bibliográficas en notas a pie de página | ||
| 650 | 4 | _aSOCIOLOGIA | |
| 650 | 4 | _aMETODOS DE INVESTIGACION | |
| 650 | 4 | _aESTRUCTURA SOCIAL | |
| 650 | 4 | _aESTRATIFICACION SOCIAL | |
| 650 | 4 | _aSISTEMAS SOCIALES | |
| 650 | 4 | _aOPINION PUBLICA | |
| 650 | 4 | _aCONTROL SOCIAL | |
| 650 | 4 | _aCAMBIO SOCIAL | |
| 650 | 4 | _aPROBLEMAS SOCIALES | |
| 700 | 1 |
_aTorner, Florentino M. _etraductor |
|
| 942 | _cBK | ||
| 998 | _cSILVI | ||
| 999 |
_c3865 _d3865 |
||